000 00379nam a2200169Ia 4500
005 20250423095517.0
008 250422s9999 xx 000 0 und d
020 _a0-619-21629-8
050 _aQA 76.9.D3 .G85/
245 0 _aGiude to oracle 10g
260 _aBoston
260 _bThomson
260 _c2006
300 _a1013 p
650 _aComputer Science
942 _cBK
999 _c30495
_d30495